Quechua

Kaydedildi:
Detaylı Bibliyografya
Asıl Yazarlar: Gleisner, Christine (Yazar), Montt, Sara (Yazar)
Materyal Türü: Kitap
Dil:İspanyolca
Baskı/Yayın Bilgisi: Santiago Fucoa 2014
Edisyon:1a. ed
Seri Bilgileri:Serie Introducción Histórica y Relatos de los Pueblos Originarios de Chile
Konular:
Etiketler: Etiketle
Etiket eklenmemiş, İlk siz ekleyin!

MARC

LEADER 00000cam a2200000 a 4500
001 UCE3962
003 CL-VaPUC
008 141003e20140300cl |||||||||||||||||spa|d
020 |a 9789567215515 
082 0 4 |a 980  |b GLE  |2 21 
100 |a Gleisner, Christine  |e author  |9 576500 
700 0 |a Montt, Sara  |e author  |9 576492 
245 1 0 |a Quechua 
250 |a 1a. ed 
300 |a 136 p 
942 |c BK 
945 |d 20141003 14:18:00  |a arojas 
260 |a Santiago  |b Fucoa  |c 2014 
600 0 7 |a QUECHUA  |2 CL-VaPUC  |9 534772 
650 0 |a Etnología   |9 258726 
650 7 |a HISTORIA DE AMERICA DEL SUR  |2 CL-VaPUC  |9 576493 
650 0 |a Pueblos indígenas   |9 357564 
650 0 |a Vida social y costumbres  |9 258725 
651 7 |a ANTOFAGASTA  |2 CL-VaPUC  |9 319270 
583 |a last modification  |c 20141003 14:18:00  |k Rodrigo Vera 
490 0 |a Serie Introducción Histórica y Relatos de los Pueblos Originarios de Chile 
999 |c 357062  |d 357060 
952 |0 0  |1 0  |3 erb  |4 0  |6 980_000000000000000_GLE_2014  |7 0  |8 C  |9 464869  |a BIBCUR  |b BIBCUR  |i 5116953  |o 980 GLE 2014  |p 5116953  |r 2025-04-22  |w 2019-11-23  |y BK  |z Catalogado en:20141003  |k CAC